[Event "AUS-ch Major"]
[Site "Sydney"]
[Date "2020.01.13"]
[Round "11"]
[White "Sze To, Jonas"]
[Black "Wang, Zhiyi Daniel"]
[Result "1-0"]
[WhiteElo "1417"]
[BlackElo "1119"]
[PlyCount "71"]
[EventDate "2020.01.02"]
[EventType "swiss"]
[EventRounds "11"]
[EventCountry "AUS"]
[SourceTitle "EXT 2021"]
[Source "ChessBase"]
[SourceDate "2020.10.23"]
[SourceVersion "1"]
[SourceVersionDate "2020.10.23"]
[SourceQuality "1"]

1. d4 Nf6 2. c4 c5 3. d5 b5 4. e3 Bb7 5. Nf3 d6 6. Be2 g6 7. 0-0 Bg7 8. Bd3 0-0 9. Re1 bxc4 10. Bxc4 Nbd7 11. e4 Ng4 12. Nc3 Nge5 13. Bf1 Qb6 14. Rb1 c4 15. Be3 Qb4 16. Nxe5 Nxe5 17. a3 Qa5 18. Qd2 Qc7 19. Bh6 Qd7 20. Bxg7 Kxg7 21. f4 Ng4 22. Qd4+ Kg8 23. h3 Nf6 24. Bxc4 Rfc8 25. e5 dxe5 26. fxe5 Ne8 27. e6 fxe6 28. Rxe6 Nd6 29. Bb3 Nf5 30. Qe5 Qc7 31. Rxg6+ hxg6 32. d6+ Qc4 33. Bxc4+ Kh7 34. dxe7 Rxc4 35. e8Q Rxe8 36. Qxe8 1-0

[Event "AUS-ch Major"]
[Site "Sydney"]
[Date "2020.01.12"]
[Round "10"]
[White "Daffy, Joseph"]
[Black "Wang, Zhiyi Daniel"]
[Result "1-0"]
[WhiteElo "1816"]
[BlackElo "1119"]
[PlyCount "195"]
[EventDate "2020.01.02"]
[EventType "swiss"]
[EventRounds "11"]
[EventCountry "AUS"]
[SourceTitle "EXT 2021"]
[Source "ChessBase"]
[SourceDate "2020.10.23"]
[SourceVersion "1"]
[SourceVersionDate "2020.10.23"]
[SourceQuality "1"]

1. e4 c5 2. Nf3 d6 3. d4 cxd4 4. Nxd4 Nf6 5. Nc3 a6 6. Bg5 e6 7. f4 Nbd7 8. Qf3 Qc7 9. 0-0-0 Be7 10. Kb1 0-0 11. g4 b5 12. Bd3 Bb7 13. Rhe1 Nc5 14. Rc1 b4 15. Nd1 Qb6 16. Qe3 a5 17. Qg1 a4 18. e5 dxe5 19. fxe5 Nd5 20. Bxe7 Nxe7 21. Ne3 Bd5 22. Bc4 b3 23. cxb3 axb3 24. a3 Ne4 25. Nxb3 Bxc4 26. Nxc4 Qxb3 27. Qd4 Ng5 28. Re3 Qb7 29. Qf4 h6 30. h4 Nh7 31. Nd6 Qa6 32. Qf2 Nd5 33. Rf3 f6 34. Ne4 Qa7 35. Qg3 Qd4 36. Nc5 Qxe5 37. Qxe5 fxe5 38. Rxf8+ Nxf8 39. Re1 Rc8 40. b4 Kf7 41. Rxe5 Rc6 42. Re1 Kg6 43. Ka2 Nf6 44. Rg1 N8d7 45. g5 Nxc5 46. gxf6+ Kxf6 47. Rc1 Ke5 48. bxc5 Kd5 49. Kb3 Rxc5 50. Rg1 Rc7 51. Rd1+ Kc6 52. a4 Rd7 53. Re1 Kd6 54. a5 e5 55. Kc4 Re7 56. Kb5 Rb7+ 57. Ka6 Rb2 58. Ka7 Kd5 59. a6 e4 60. Ka8 Kd4 61. Rd1+ Kc3 62. Rd7 e3 63. Rc7+ Kd2 64. Rb7 Rc2 65. Kb8 e2 66. Rd7+ Kc1 67. Re7 Kd1 68. a7 e1Q 69. Rxe1+ Kxe1 70. a8Q Rb2+ 71. Kc7 Rc2+ 72. Kd6 Rd2+ 73. Ke6 Re2+ 74. Kf7 g5 75. h5 g4 76. Qa1+ Kf2 77. Qd4+ Kf3 78. Qd3+ Re3 79. Qf5+ Kg3 80. Kg6 Rf3 81. Qe4 Rf4 82. Qe3+ Rf3 83. Qxh6 Kh3 84. Qc1 g3 85. Qh1+ Kg4 86. h6 Rf2 87. Qh5+ Kf4 88. Qf5+ Ke3 89. Qh3 Kf3 90. h7 Rh2 91. h8Q Rxh3 92. Qxh3 Kf2 93. Qf5+ Kg1 94. Qb1+ Kh2 95. Qb8 Kg2 96. Kg5 Kf2 97. Qf4+ Kg2 98. Kg4 1-0

[Event "AUS-ch Major"]
[Site "Sydney"]
[Date "2020.01.07"]
[Round "6"]
[White "Buciu, Aurel John"]
[Black "Wang, Zhiyi Daniel"]
[Result "0-1"]
[WhiteElo "1743"]
[BlackElo "1119"]
[PlyCount "58"]
[EventDate "2020.01.02"]
[EventType "swiss"]
[EventRounds "11"]
[EventCountry "AUS"]
[SourceTitle "EXT 2021"]
[Source "ChessBase"]
[SourceDate "2020.10.23"]
[SourceVersion "1"]
[SourceVersionDate "2020.10.23"]
[SourceQuality "1"]

1. d4 Nf6 2. f4 e6 3. Nf3 c5 4. e3 a6 5. c3 d5 6. Bd3 Bd6 7. 0-0 0-0 8. Ne5 Bd7 9. Nd2 Nc6 10. h3 Bxe5 11. fxe5 Ne8 12. Nf3 cxd4 13. exd4 f6 14. exf6 Nxf6 15. Bg5 h6 16. Bh4 Qc7 17. Qe1 Nh5 18. Bg6 Nf4 19. Bc2 Rae8 20. Qd2 e5 21. dxe5 Nxe5 22. Nd4 Nc4 23. Qc1 Ne3 24. Rf2 Qe5 25. Bg3 Nxh3+ 26. Kh2 Ng4+ 27. Kxh3 Qh5+ 28. Bh4 Nxf2+ 29. Kg3 Qg4+ 0-1